Adapted propagation techniques for commercial crops of the tropics - VietNam February 1993
Wedi'i Gadw mewn:
| Fformat: | Llyfr |
|---|---|
| Iaith: | Undetermined |
| Cyhoeddwyd: |
HoChiMinh City
Agriculture Publishing House
1993
|
| Pynciau: | |
| Tagiau: |
Ychwanegu Tag
Dim Tagiau, Byddwch y cyntaf i dagio'r cofnod hwn!
|
| Thư viện lưu trữ: | Trung tâm Học liệu Trường Đại học Cần Thơ |
|---|
| LEADER | 00514nam a2200157Ia 4500 | ||
|---|---|---|---|
| 001 | CTU_38529 | ||
| 008 | 210402s9999 xx 000 0 und d | ||
| 082 | |a 631.53 | ||
| 082 | |b A193 | ||
| 245 | 0 | |a Adapted propagation techniques for commercial crops of the tropics - VietNam February 1993 | |
| 260 | |a HoChiMinh City | ||
| 260 | |b Agriculture Publishing House | ||
| 260 | |c 1993 | ||
| 650 | |a plant biotechnology,tropical crops | ||
| 904 | |i Liên, 990423 | ||
| 980 | |a Trung tâm Học liệu Trường Đại học Cần Thơ | ||